000 00287nam a22001337a 4500
008 170914b xxu||||| |||| 00| 0 eng d
020 _a9781584281252
041 _aeng
080 _a7
100 _a44
101 _aART
245 _aMASTER LIGHTING GUIDE
_cGREY, CH
942 _2udc
_cBK
999 _c27579
_d27579